Name the title tracks of the 4 most popular female K-pop groups - Statistics

General Stats
  • This quiz has been taken 197 times
  • The average score is 28 of 77
Answer Stats
Hint Answer Year % Correct
H__ ___ ____ ____ How you like that 2020
97%
K___ ____ ____ Kill this love 2019
89%
W_____ Whistle 2016
85%
B________ Boombayah 2016
83%
P___ ____ Pink venom 2022
78%
W___ __ ____? What is Love? 2018
77%
A_ __ ___ ____ ____ As if it's your last 2017
76%
I__ ____ Ice cream 2020
76%
S___ ____ Shut down 2022
74%
L_______ _____ Lovesick girls 2020
73%
T_ TT 2016
72%
D__-__ __-__ Ddu-du ddu-du 2018
71%
P_____ ____ ____ Playing with fire 2016
71%
S___ Stay 2016
68%
C___ __ Cheer up 2016
59%
F____ Fancy 2019
59%
H__ Hip 2019
59%
L____ Likey 2017
58%
M___ & ____ More & more 2020
54%
D____ ___ ____ ____ Dance the Night Away 2018
48%
Y__ __ ___ Yes or Yes 2018
48%
F___ _____ Feel special 2019
47%
P_____ Psycho 2019
47%
B__ ___ Bad boy 2018
46%
I ____ ____ __ I can't stop me 2020
46%
S_____ Signal 2017
45%
G_______ Gogobebe 2019
44%
R_____ ________ Russian roulette 2016
43%
Z________ Zimzalabim 2019
42%
H________ Happiness 2014
42%
S________ Scientist 2021
42%
U_ __ __ ___ Um oh ah yeh 2015
41%
K____ ____ Knock knock 2017
41%
A_____ ____ Alcohol free 2021
40%
Q_______ Queendom 2021
40%
H____ ______ Heart shaker 2017
38%
I__ ____ ____ Ice cream cake 2015
37%
R__ _____ Red flavor 2017
36%
T___ ___ ____ Talk that talk 2022
36%
P___-_-___ Peek-a-boo 2017
34%
S__ __ ____ Set me free 2023
34%
S_____ ____ Starry night 2018
31%
A___ Aya 2020
30%
D___ ____ Dumb dumb 2015
29%
B_______ Birthday 2022
27%
C____ ___ Chill kill 2023
27%
F___ __ ______ Feel my rhythm 2022
27%
C__ ___ __ Cry for me 2020
24%
B_ ______ Be natural 2014
22%
E______ Egotistic 2018
22%
I_____ Illella 2022
22%
R____ Rookie 2017
22%
U____ ____ Umpah umpah 2019
22%
D______ Dingga 2020
21%
P____ ___ Piano man 2014
20%
R__ RBB 2018
20%
P____ __ Power up 2018
19%
A_______ Automatic 2015
18%
T__ ____ _____ _ ____ ___ The best thing I ever did 2018
15%
D_________ Décalcomanie 2016
14%
O__ __ ____ ______ One of these nights 2016
13%
W___ ____ Wind flower 2018
13%
T_____ ___ ___ Taller than you 2016
12%
Y__ _ __ Yes i am 2017
11%
L___ __-___ Like oo-ahh 2015
10%
W___ ___ __ ___ Where are we now 2021
7%
Y____ __ ____ You're the Best 2016
7%
M_________ Mumumumuch 2021
6%
B______ _______ Beautiful Christmas 2022
5%
I ____ ___ I miss you 2016
5%
W____ _ Would U 2017
4%
C____ __ __ Close to me 2019
3%
N__ ____ New york 2016
3%
P____ __ Paint me 2018
3%
R______ Rebirth 2017
2%
W___ ____ Wish tree 2015
2%
R____ ______ Rainy season 2018
1%
No matching quizzes found
Score Distribution
Percent of People with Each Score
Percentile by Number Answered
Your Score History
You have not taken this quiz